Every Song by the Lumineers - Statistics

General Stats
  • This quiz has been taken 215 times
    180 since last reset
  • The average score is 26 of 52
Answer Stats
Album Song % Correct
Cleopatra(2016) Cleopatra
98%
Cleopatra(2016) Ophelia
90%
The Lumineers(2012) Ho Hey
89%
BRIGHTSIDE(2022) BRIGHTSIDE
87%
The Lumineers(2012) Flowers in Your Hair
81%
Cleopatra(2016) Sleep on the Floor
79%
Cleopatra(2016) Angela
75%
The Lumineers(2012) Stubborn Love
75%
III(2019) Gloria
74%
III(2019) Donna
69%
BRIGHTSIDE(2022) A.M. RADIO
68%
The Lumineers(2012) Big Parade
64%
Cleopatra(2016) Gun Song
63%
The Lumineers(2012) Dead Sea
61%
III(2019) Salt and the Sea
61%
The Lumineers(2012) Submarines
60%
The Lumineers(2012) Charlie Boy
59%
Cleopatra(2016) Gale Song
59%
BRIGHTSIDE(2022) BIRTHDAY
57%
BRIGHTSIDE(2022) WHERE WE ARE
57%
The Lumineers(2012) Classy Girls
53%
III(2019) Leader of the Landslide
52%
III(2019) Life in the City
50%
The Lumineers(2012) Slow It Down
50%
The Lumineers(2012) Flapper Girl
49%
BRIGHTSIDE(2022) REMINGTON
46%
BRIGHTSIDE(2022) REPRISE
46%
BRIGHTSIDE(2022) ROLLERCOASTER
44%
III(2019) Jimmy Sparks
43%
III(2019) My Cell
43%
Cleopatra(2016) My Eyes
43%
The Lumineers(Bonus)(2012) Elouise
42%
III(2019) It Wasn't Easy to Be Happy for You
40%
III(2019) Left for Denver
40%
The Lumineers(2012) Morning Song
40%
BRIGHTSIDE(2022) BIG SHOT
39%
Cleopatra(Bonus)(2016) Where the Skies Are Blue
39%
Cleopatra(2016) Long Way from Home
38%
Cleopatra(2016) Patience
38%
III(2019) April
37%
Cleopatra(2016) Sick in the Head
37%
The Lumineers(Bonus)(2012) Darlene
36%
BRIGHTSIDE(2022) NEVER REALLY MINE
36%
C-Sides(2018) Scotland
36%
Cleopatra(Bonus)(2016) White Lie
35%
III(Bonus)(2019) Old Lady
33%
Cleopatra(2016) In the Light
30%
III(Bonus)(2019) Soundtrack Song
24%
Cleopatra(Bonus)(2016) For Fra
21%
C-Sides(2018) Visions of China
21%
Cleopatra(Bonus)(2016) Everyone Requires a Plan
18%
Cleopatra(Bonus)(2016) Sailor Song(Moitessier)
4%
No matching quizzes found
Score Distribution
Percent of People with Each Score
Percentile by Number Answered
Your Score History
You have not taken this quiz since the last reset